Project finance (Application for transport infrastructure)

Enregistré dans:
Détails bibliographiques
Auteur principal: Tučník, Miroslav
Autres auteurs: Vovk, Martin, 1976-
Format: Chapitre de livre
Langue:anglais
Tags: Ajouter un tag
Pas de tags, Soyez le premier à ajouter un tag!

MARC

LEADER 00000nla$a2200000$$$4500
001 0064821
005 20240502083156.6
041 0 |a eng 
044 |a CZ 
245 1 0 |a Project finance (Application for transport infrastructure)  |c Miroslav Tučník, Martin Vovk 
100 1 |a Tučník, Miroslav 
700 1 |a Vovk, Martin, 1976-